[Event "Seville op 39th"]
[Site "Seville"]
[Date "2014.01.10"]
[Round "1"]
[White "Cadenas Falcon, Jose Antonio"]
[Black "Turov, Maxim"]
[Result "0-1"]
[WhiteElo "1833"]
[BlackElo "2586"]
[PlyCount "58"]
[EventDate "2014.01.10"]
[EventType "swiss"]
[EventRounds "9"]
[EventCountry "ESP"]
[SourceTitle "CBM 158 Extra"]
[Source "ChessBase"]
[SourceDate "2014.02.28"]
[SourceVersion "1"]
[SourceVersionDate "2014.02.28"]
[SourceQuality "1"]

1. e4 c6 2. d4 d5 3. exd5 cxd5 4. Nf3 Nc6 5. Be2 Bg4 6. c3 e6 7. 0-0 Bd6 8. Ne5 Bxe2 9. Qxe2 Nge7 10. Nd2 0-0 11. Ndf3 Rb8 12. Nxc6 Nxc6 13. Ne5 Bxe5 14. dxe5 b5 15. f4 b4 16. Be3 bxc3 17. bxc3 Qa5 18. Bd4 Nxd4 19. cxd4 Qc3 20. Rfd1 Rb2 21. Qd3 Qxd3 22. Rxd3 Rc8 23. Rb3 Rd2 24. Rb7 h5 25. Rxa7 Rcc2 26. a4 Rxg2+ 27. Kh1 Rxh2+ 28. Kg1 h4 29. Ra3 Rhd2 0-1

[Event "Seville op 36th"]
[Site "Seville"]
[Date "2011.01.07"]
[Round "1"]
[White "Spraggett, Kevin"]
[Black "Cadenas Falcon, Jose Antonio"]
[Result "1-0"]
[WhiteElo "2575"]
[BlackElo "1903"]
[PlyCount "63"]
[EventDate "2011.01.07"]
[EventType "swiss"]
[EventRounds "9"]
[EventCountry "ESP"]
[SourceTitle "CBM 140 Extra"]
[Source "ChessBase"]
[SourceDate "2011.03.01"]
[SourceVersion "1"]
[SourceVersionDate "2011.03.01"]
[SourceQuality "1"]

1. d4 d5 2. c4 e6 3. Nf3 Nf6 4. Nc3 c6 5. e3 Bd6 6. Bd3 Nbd7 7. 0-0 0-0 8. e4 dxe4 9. Nxe4 Nxe4 10. Bxe4 f5 11. Bc2 e5 12. c5 Be7 13. dxe5 Nxc5 14. Qe2 Be6 15. Rd1 Qe8 16. Nd4 Bd5 17. Nxf5 Ne6 18. Be3 g6 19. Qg4 Kh8 20. Nd6 Bxd6 21. exd6 Qd7 22. Qg3 Ng7 23. Bd4 Kg8 24. Re1 Rfe8 25. Be5 Re6 26. f4 Nh5 27. Qg5 Rae8 28. Bf5 Qf7 29. Bxe6 Rxe6 30. f5 Qxf5 31. Qxf5 gxf5 32. d7 1-0

[Event "Seville op 32nd"]
[Site "Seville"]
[Date "2007.01.13"]
[Round "7"]
[White "Cadenas Falcon, Jose Antonio"]
[Black "Perez Garcia, Roberto"]
[Result "1-0"]
[WhiteElo "1955"]
[BlackElo "2172"]
[PlyCount "101"]
[EventDate "2007.01.07"]
[EventType "swiss"]
[EventRounds "9"]
[EventCountry "ESP"]
[SourceTitle "CBM 116 Extra"]
[Source "ChessBase"]
[SourceDate "2007.03.07"]
[SourceVersion "1"]
[SourceVersionDate "2007.03.07"]
[SourceQuality "1"]

1. e4 d5 2. exd5 Qxd5 3. d4 e5 4. dxe5 Qxd1+ 5. Kxd1 Nc6 6. Bf4 Bf5 7. c3 0-0-0+ 8. Nd2 Bc5 9. Bg3 Nge7 10. Ngf3 Bg4 11. Be2 Nf5 12. Bf4 Rhe8 13. Ke1 h6 14. h3 Bxf3 15. Nxf3 g5 16. Bh2 Re7 17. b4 Bb6 18. b5 Nb8 19. Nxg5 Ba5 20. Ne4 Nd7 21. Bg4 Nd4 22. Kf1 Ne6 23. f4 Kb8 24. Rd1 Ree8 25. Bxe6 fxe6 26. Ke2 Nb6 27. Rxd8+ Rxd8 28. Rd1 Rg8 29. g4 Rf8 30. Rd4 Nd5 31. f5 c6 32. bxc6 bxc6 33. f6 Kc7 34. h4 Rg8 35. g5 hxg5 36. hxg5 Nxc3+ 37. Nxc3 Rxg5 38. f7 Rf5 39. Rf4 Bb4 40. Rxf5 exf5 41. e6+ Kd8 42. Be5 Ke7 43. Bg7 Kxe6 44. f8Q Bxf8 45. Bxf8 Ke5 46. Bc5 a6 47. Kf3 a5 48. Bb6 a4 49. Nxa4 Kd5 50. Nc5 Kc4 51. a4 1-0